| 000 | 00434nam a22001817a 4500 | ||
|---|---|---|---|
| 003 | NUST23 | ||
| 020 | _a978-0-07-0700123 | ||
| 038 | _aKhadija | ||
| 082 |
_a629.1323 _bAND |
||
| 100 |
_aAnderson, Jr. John D _983816 |
||
| 245 | _aFundamentals of Aerodynamics | ||
| 250 | _a5th ed. | ||
| 260 |
_aNew Delhi : _bMcGraw Hill, _c2015. |
||
| 300 |
_a1034 p. ; _b23 cm. |
||
| 500 | _aPaperback. | ||
| 563 | _aPB | ||
| 942 |
_cBK _2ddc |
||
| 999 |
_c33635 _d33635 |
||